000 00526nam a2200217Ia 4500
003 OSt
005 20221007082235.0
006 a|||||r|||| 00| 0
007 ta
008 221006b |||||||| |||| 00| 0 eng d
024 _a21,687
037 _cTextual
040 _aFLL
_cFLL
_beng
041 _2eng
_aeng
082 _aZ2:805, J4
245 0 _aOpinions on the amendments of criminal procedure
260 _c1954
300 _a297p
_ccm.
942 _hZ2:805, J4
_cTEXL
_2CC
999 _c1165782
_d1165782